000
00301nam a22001337a 4500
008
170628b xxu||||| |||| 00| 0 eng d
020
_a
9780205421183
041
_a
eng
080
_2
4TH
_a
05
100
_a
21
101
_a
GJL
245
_a
LINGUISTICS FOR NON-LINGUISTS
_c
PARKER,F
942
_2
udc
_c
BK
999
_c
19343
_d
19343